[Event "II Open Grand Paradis"]
[Site "Arvier ITA"]
[Date "2015.08.01"]
[Round "7"]
[White "Bonino, Silvano"]
[Black "Lyabel, Giacomo"]
[WhiteElo "1443"]
[BlackElo "1548"]
[Result "0-1"]
[PlyCount "100"]
[EventDate "2015.07.26"]

1. d4 d5 2. Nf3 Nf6 3. e3 e6 4. c4 c6 5. Nc3 Bd6 6. Bd3 Nbd7 7. O-O dxc4 8.
Bxc4 b5 9. Bd3 Bb7 10. Ne4 Nxe4 11. Bxe4 Nf6 12. Bd3 a6 13. Rb1 Rc8 14. b4 Nd5
15. Bd2 O-O 16. a3 Re8 17. Qc2 g6 18. e4 Nb6 19. e5 Be7 20. Qb2 Nd5 21. Rbc1
Qd7 22. Bg5 Ra8 23. Bxe7 Qxe7 24. Qd2 Ra7 25. Be4 Rea8 26. Bxd5 exd5 27. Rc3 a5
28. Rb1 axb4 29. axb4 Ra1 30. Rcc1 R8a2 31. Qe1 Rxb1 32. Rxb1 Bc8 33. h3 Bf5
34. Rc1 Qd7 35. Qe3 Kg7 36. Qb3 Ra6 37. Ne1 Qa7 38. g4 Bd7 39. Rc3 Ra1 40. Re3
Qxd4 41. Kg2 Qc4 42. Nf3 Qxb3 43. Rxb3 Ra4 44. Nd4 Kf8 45. f4 Ke7 46. Kg3 Ra2
47. g5 Rd2 48. Nf3 Ra2 49. Nd4 Ra6 50. Kf3 Bxh3 0-1

[Event "II Open Grand Paradis"]
[Site "Arvier ITA"]
[Date "2015.08.01"]
[Round "7"]
[White "Cattaneo, Roger"]
[Black "Gromovs, Sergejs"]
[WhiteElo "1836"]
[BlackElo "2123"]
[Result "1/2-1/2"]
[PlyCount "22"]
[EventDate "2015.07.26"]

1. e4 c5 2. Nf3 d6 3. d4 cxd4 4. Nxd4 Nf6 5. Nc3 a6 6. a4 e5 7. Nb3 Be6 8. Be3
Be7 9. Be2 O-O 10. O-O Nbd7 11. a5 Rc8 1/2-1/2

[Event "II Open Grand Paradis"]
[Site "Arvier ITA"]
[Date "2015.08.01"]
[Round "7"]
[White "Ciuffoletti, Paolo"]
[Black "Tondo, Salvatore"]
[WhiteElo "2171"]
[BlackElo "1891"]
[Result "1-0"]
[PlyCount "59"]
[EventDate "2015.07.26"]

1. e4 c5 2. d4 cxd4 3. c3 dxc3 4. Nxc3 Nc6 5. Nf3 e6 6. Bc4 a6 7. O-O Nge7 8.
Bg5 f6 9. Bh4 Ng6 10. Bg3 Na5 11. Bd3 Be7 12. Qe2 O-O 13. Rfd1 b5 14. Rac1 Bb7
15. Bb1 Bc6 16. Nd5 e5 17. h4 Rc8 18. h5 Nh8 19. Nh4 Bxd5 20. exd5 Rxc1 21.
Rxc1 Nf7 22. Qd3 f5 23. Nxf5 Ng5 24. Rc8 e4 25. Rxd8 exd3 26. Nxe7+ Kf7 27.
Rxf8+ Kxf8 28. Bxd3 Kxe7 29. Bh4 Kd6 30. Bxg5 1-0

[Event "II Open Grand Paradis"]
[Site "Arvier ITA"]
[Date "2015.08.01"]
[Round "7"]
[White "Nester, Ihor"]
[Black "Renzi, Marco"]
[WhiteElo "2268"]
[BlackElo "1900"]
[Result "1-0"]
[PlyCount "87"]
[EventDate "2015.07.26"]

1. Nf3 d5 2. d4 e6 3. c4 c6 4. g3 Nf6 5. Bg2 Nbd7 6. Qc2 Bb4+ 7. Nbd2 O-O 8.
O-O Re8 9. e4 e5 10. exd5 cxd5 11. dxe5 Nxe5 12. Nxe5 Rxe5 13. cxd5 Nxd5 14.
Nc4 Re8 15. Rd1 Re1+ 16. Rxe1 Bxe1 17. Qd1 Bxf2+ 18. Kxf2 Qf6+ 19. Qf3 Qd4+ 20.
Be3 Nxe3 21. Qxe3 Qf6+ 22. Qf4 Bf5 23. Kg1 g5 24. Qe5 Qxe5 25. Nxe5 Re8 26. Nf3
h6 27. Nd4 Bd3 28. Rd1 Ba6 29. Bf1 Rd8 30. Bxa6 bxa6 31. Kf2 f5 32. Ke3 Re8+
33. Kd3 Rf8 34. Rf1 f4 35. gxf4 g4 36. f5 h5 37. Rc1 Rb8 38. b3 Kf7 39. Rc6 Rh8
40. Rg6 Rd8 41. Re6 h4 42. Rg6 Rg8 43. Rxg8 Kxg8 44. Ke3 1-0

[Event "II Open Grand Paradis"]
[Site "Arvier ITA"]
[Date "2015.08.01"]
[Round "7"]
[White "Piazza, Giacomo"]
[Black "Bogatto, Mario"]
[WhiteElo "1542"]
[BlackElo "1397"]
[Result "1-0"]
[PlyCount "111"]
[EventDate "2015.07.26"]

1. b4 Nf6 2. Bb2 e6 3. a3 d5 4. e3 Be7 5. b5 c6 6. a4 Bd7 7. Nc3 b6 8. Nf3 c5
9. Be2 Qc7 10. d4 c4 11. h3 Bb4 12. O-O O-O 13. Ne5 Be8 14. Nb1 Bd6 15. Ba3
Bxa3 16. Rxa3 Nbd7 17. Nc6 Nb8 18. Ne5 Nbd7 19. f4 Ne4 20. Nd2 Ng3 21. Rf2
Nxe2+ 22. Qxe2 f6 23. Nc6 Nb8 24. Nb4 Qd6 25. c3 Na6 26. Nb1 Nxb4 27. cxb4 Qxb4
28. Rf1 Qd6 29. e4 Bd7 30. Rg3 dxe4 31. Qxe4 f5 32. Qe2 Qxd4+ 33. Kh2 Qc5 34.
Rc1 Rac8 35. Na3 Qe7 36. Rgc3 Rc5 37. Nxc4 Rfc8 38. Rd1 Be8 39. Rd6 Bf7 40. Rc6
R5xc6 41. bxc6 Rxc6 42. Qf3 Rc8 43. Ne5 Qe8 44. Rd3 Rc7 45. Qd1 Rc8 46. Rd7 Bh5
47. Qe1 Rc2 48. Qg3 Bg6 49. Rxa7 Ra2 50. Qb3 Rf2 51. Qe3 Rb2 52. Qd4 Rb1 53.
Rd7 Qf8 54. Nxg6 Qf6 55. Rd8+ Kf7 56. Ne5+ 1-0

[Event "XIV Open A"]
[Site "Bergamo ITA"]
[Date "2015.07.17"]
[Round "1"]
[White "Botta, Massimiliano"]
[Black "Rambaldi, Francesco"]
[WhiteElo "2031"]
[BlackElo "2513"]
[Result "0-1"]
[PlyCount "122"]
[EventDate "2015.07.17"]

1. e4 e6 2. d4 d5 3. exd5 exd5 4. c4 Nf6 5. Nc3 Bb4 6. Bd3 O-O 7. Nge2 Be6 8.
c5 b6 9. cxb6 axb6 10. O-O h6 11. Bf4 Qd7 12. Rc1 c5 13. Bb1 Bf5 14. a3 Bxc3
15. Bxf5 Qxf5 16. Rxc3 c4 17. Rf3 Qe6 18. Re3 Qd7 19. Nc3 Nc6 20. Rfe1 Rfe8 21.
h3 Rxe3 22. Rxe3 Re8 23. Rxe8+ Nxe8 24. Qf3 Ne7 25. Be5 f6 26. Bg3 Qe6 27. Qe3
Kf7 28. Qxe6+ Kxe6 29. f3 Kd7 30. Kf1 Kc6 31. Ke2 Nf5 32. Bf2 Nc7 33. g4 Ne7
34. Bg3 Ne6 35. Ke3 f5 36. Be5 g6 37. Ne2 fxg4 38. fxg4 Kd7 39. Nf4 b5 40. Bf6
Nxf4 41. Kxf4 Nc6 42. Bg7 Ke6 43. Ke3 h5 44. Bf8 Kf6 45. Bc5 Nd8 46. Bd6 Ne6
47. Bf4 Kf7 48. Bd6 Ke8 49. Be5 Ke7 50. Bf4 Kd7 51. Be5 Ng5 52. gxh5 gxh5 53.
Kf4 Nxh3+ 54. Kg3 Ng5 55. Bf4 Ne4+ 56. Kh4 Ke6 57. Kxh5 Kf5 58. Bc1 Nf2 59. Bd2
Nd1 60. Bc3 Ke4 61. Kg5 Nxc3 0-1

[Event "II Festival Poetto A"]
[Site "Cagliari ITA"]
[Date "2015.08.06"]
[Round "1"]
[White "Bonafede, Alessandro"]
[Black "Sollai, Matteo"]
[WhiteElo "2389"]
[BlackElo "1761"]
[Result "1-0"]
[PlyCount "41"]
[EventDate "2015.08.06"]

1. e4 e5 2. f4 Nc6 3. Bc4 Bc5 4. Nf3 d6 5. d3 Nf6 6. Nc3 O-O 7. f5 Na5 8. Bg5
c6 9. Qe2 Re8 10. O-O-O b5 11. Bb3 Nxb3+ 12. cxb3 a5 13. g4 a4 14. h4 a3 15.
Kb1 axb2 16. Qxb2 Bd4 17. Nxd4 exd4 18. Ne2 c5 19. Nf4 Qa5 20. Bxf6 gxf6 21.
Nd5 1-0

[Event "II Festival Poetto A"]
[Site "Cagliari ITA"]
[Date "2015.08.06"]
[Round "1"]
[White "Deruda, Leonardo"]
[Black "Delorme, Axel"]
[WhiteElo "1769"]
[BlackElo "2480"]
[Result "0-1"]
[PlyCount "80"]
[EventDate "2015.08.06"]

1. d4 Nf6 2. Bg5 e6 3. Nd2 h6 4. Bh4 c5 5. e3 b6 6. Ngf3 cxd4 7. exd4 Bb7 8. c3
Be7 9. Bd3 Nc6 10. Qe2 Nd5 11. Bg3 O-O 12. Ne5 Nf6 13. f4 g6 14. Ng4 Nxg4 15.
Qxg4 Kg7 16. Qe2 Rc8 17. O-O h5 18. h3 h4 19. Be1 f5 20. Nf3 Bf6 21. Bf2 Rh8
22. Rfe1 Ne7 23. Qd2 Bxf3 24. gxf3 Qc7 25. c4 Kf7 26. Rac1 g5 27. Bf1 Rhg8 28.
Kh1 Qxf4 29. Qxf4 gxf4 30. b3 Nc6 31. Red1 Rg7 32. a3 Rcg8 33. b4 Rg3 34. Bxg3
hxg3 35. Kg2 Nxd4 36. c5 Ke7 37. cxb6 axb6 38. Bd3 e5 39. a4 e4 40. Re1 Nxf3
0-1

[Event "II Festival Poetto A"]
[Site "Cagliari ITA"]
[Date "2015.08.06"]
[Round "1"]
[White "Dvirnyy, Danyyil"]
[Black "Sonis, Luca"]
[WhiteElo "2545"]
[BlackElo "1775"]
[Result "1-0"]
[PlyCount "89"]
[EventDate "2015.08.06"]

1. c4 e5 2. g3 Nf6 3. Bg2 Bc5 4. Nc3 d6 5. Nf3 Nc6 6. O-O O-O 7. d3 Be6 8. a3
Qd7 9. b4 Bb6 10. Bb2 Bh3 11. e3 Bxg2 12. Kxg2 a6 13. d4 exd4 14. exd4 Qg4 15.
h3 Qh5 16. Na4 Rfe8 17. Nxb6 cxb6 18. d5 Ne5 19. Nxe5 Qxd1 20. Rfxd1 dxe5 21.
c5 bxc5 22. bxc5 Rac8 23. Rac1 Red8 24. c6 bxc6 25. Rxc6 Nd7 26. Rxa6 Rc2 27.
Bc1 h6 28. d6 Rdc8 29. Be3 R8c3 30. Kf1 Rc8 31. Ra7 Rd8 32. a4 Kf8 33. Rc1
Rxc1+ 34. Bxc1 f6 35. Bd2 Ke8 36. a5 Kf7 37. Rb7 Ke6 38. Bb4 Ra8 39. Ke2 f5 40.
Kd2 g5 41. Kc3 e4 42. Kd4 Rc8 43. a6 Nb8 44. Re7+ Kf6 45. Rc7 1-0

[Event "II Festival Poetto A"]
[Site "Cagliari ITA"]
[Date "2015.08.07"]
[Round "2"]
[White "Delorme, Axel"]
[Black "Gerandi, Guillaume"]
[WhiteElo "2480"]
[BlackElo "1913"]
[Result "1-0"]
[PlyCount "45"]
[EventDate "2015.08.06"]

1. d4 Nf6 2. g3 g6 3. Bg2 d5 4. Nf3 Bg7 5. c4 c6 6. O-O O-O 7. Qb3 Nbd7 8. cxd5
cxd5 9. Nc3 Nb6 10. Ne5 Be6 11. a4 a5 12. Bf4 Nh5 13. Rac1 Nxf4 14. gxf4 f6 15.
Nd3 Bf7 16. Rfd1 Rc8 17. Qb5 Be8 18. Qxa5 Ra8 19. Qb4 Bxa4 20. b3 Bc6 21. Nc5
Rf7 22. e4 dxe4 23. Ne6 1-0

[Event "II Festival Poetto A"]
[Site "Cagliari ITA"]
[Date "2015.08.07"]
[Round "2"]
[White "Le Creurer, Kilian"]
[Black "Bonafede, Alessandro"]
[WhiteElo "1857"]
[BlackElo "2389"]
[Result "0-1"]
[PlyCount "52"]
[EventDate "2015.08.06"]

1. c4 d6 2. g3 g6 3. Nf3 Bg7 4. d4 f5 5. b4 Nh6 6. Bg2 O-O 7. Bb2 Nf7 8. O-O
Nd7 9. Nc3 e5 10. e3 g5 11. Ne1 g4 12. f3 Nb6 13. c5 Nc4 14. Bc1 exd4 15. Nd5
dxc5 16. fxg4 c6 17. Nf4 dxe3 18. Qxd8 Rxd8 19. Rb1 cxb4 20. Rxb4 Nd2 21. Bxd2
exd2 22. Ned3 Ne5 23. Rb3 Nxd3 24. Rxd3 Rxd3 25. Nxd3 f4 26. Rd1 Bd4+ 0-1

[Event "II Festival Poetto A"]
[Site "Cagliari ITA"]
[Date "2015.08.07"]
[Round "2"]
[White "Sanna, Yuri"]
[Black "Dvirnyy, Danyyil"]
[WhiteElo "1877"]
[BlackElo "2545"]
[Result "0-1"]
[PlyCount "46"]
[EventDate "2015.08.06"]

1. d4 Nf6 2. Nc3 d5 3. Bg5 Nbd7 4. Nf3 h6 5. Bf4 c6 6. Qd3 b5 7. a3 e6 8. Ne5
Bb7 9. f3 a6 10. b4 a5 11. Rb1 axb4 12. axb4 Be7 13. e4 O-O 14. exd5 exd5 15.
Qf5 Ra3 16. Bd2 Nxe5 17. dxe5 Bc8 18. Qd3 Nd7 19. f4 Nb6 20. Qd4 f6 21. Be3
fxe5 22. fxe5 Nd7 23. Bd3 Nxe5 0-1

[Event "II Festival Poetto A"]
[Site "Cagliari ITA"]
[Date "2015.08.07"]
[Round "3"]
[White "Bonafede, Alessandro"]
[Black "Altea, Alessandro"]
[WhiteElo "2389"]
[BlackElo "2018"]
[Result "1-0"]
[PlyCount "49"]
[EventDate "2015.08.06"]

1. e4 e6 2. Qe2 c5 3. g3 Nc6 4. Nf3 g6 5. Bg2 Bg7 6. O-O Nge7 7. c3 O-O 8. Na3
d6 9. Nc2 e5 10. Rd1 Qc7 11. d4 Kh8 12. dxc5 dxc5 13. Ne3 b6 14. Nd5 Qb7 15.
Be3 h6 16. Nh4 Be6 17. f4 f6 18. f5 Bf7 19. fxg6 Nxg6 20. Nf5 Rad8 21. Bxh6
Bxh6 22. Qh5 Bxd5 23. Qxg6 Bg7 24. exd5 Nb8 25. Qh5+ 1-0

[Event "II Festival Poetto A"]
[Site "Cagliari ITA"]
[Date "2015.08.07"]
[Round "3"]
[White "Calcagnile, Lucio"]
[Black "Delorme, Axel"]
[WhiteElo "2003"]
[BlackElo "2480"]
[Result "0-1"]
[PlyCount "44"]
[EventDate "2015.08.06"]

1. Nf3 d5 2. c4 d4 3. b4 Bg4 4. Ne5 Bf5 5. Qa4+ c6 6. Na3 Qc7 7. Nf3 e5 8. d3
a5 9. Bd2 Nd7 10. c5 Ra6 11. bxa5 Bxc5 12. Nc4 Ngf6 13. Bb4 b5 14. axb6 Rxa4
15. bxc7 Bxb4+ 16. Kd1 Ke7 17. Rb1 Nd5 18. Nfxe5 Nxe5 19. Nxe5 Nc3+ 20. Kc2
Nxb1 21. Kb3 Rha8 22. Nxc6+ Kd6 0-1

[Event "II Festival Poetto A"]
[Site "Cagliari ITA"]
[Date "2015.08.07"]
[Round "3"]
[White "Dvirnyy, Danyyil"]
[Black "Sonis, Francesco"]
[WhiteElo "2545"]
[BlackElo "2285"]
[Result "1-0"]
[PlyCount "63"]
[EventDate "2015.08.06"]

1. c4 Nf6 2. g3 e6 3. Bg2 c5 4. Nf3 Nc6 5. O-O Be7 6. d4 d5 7. cxd5 exd5 8.
dxc5 Bxc5 9. a3 a5 10. Nc3 O-O 11. Qc2 Be6 12. Rd1 Qb6 13. e3 d4 14. Na4 Qb3
15. Qxb3 Bxb3 16. Nxc5 Bxd1 17. Nxd4 Ra7 18. Nb5 Raa8 19. Nxb7 Ne5 20. Nd4 Bg4
21. Bd2 Nc4 22. Bc3 Rab8 23. b3 Ne5 24. Bxa5 Nf3+ 25. Nxf3 Rxb7 26. Nd4 Ra7 27.
Bb4 Re8 28. Bc5 Rc7 29. b4 Nd7 30. Nb5 Rcc8 31. Nd6 Nxc5 32. bxc5 1-0

[Event "II Festival Poetto A"]
[Site "Cagliari ITA"]
[Date "2015.08.08"]
[Round "4"]
[White "Delorme, Axel"]
[Black "Dvirnyy, Danyyil"]
[WhiteElo "2480"]
[BlackElo "2545"]
[Result "1/2-1/2"]
[PlyCount "31"]
[EventDate "2015.08.06"]

1. d4 d5 2. Nf3 Nf6 3. g3 g6 4. c4 c6 5. Bg2 Bg7 6. O-O O-O 7. Nbd2 dxc4 8.
Nxc4 Be6 9. b3 Bd5 10. Nfe5 Bxg2 11. Kxg2 Nbd7 12. Bb2 Nxe5 13. Nxe5 Nd7 14.
Nxd7 Qxd7 15. Qd3 Rfd8 16. Rad1 1/2-1/2

[Event "II Festival Poetto A"]
[Site "Cagliari ITA"]
[Date "2015.08.08"]
[Round "4"]
[White "Mameli, Gianluca"]
[Black "Bonafede, Alessandro"]
[WhiteElo "1936"]
[BlackElo "2389"]
[Result "0-1"]
[PlyCount "84"]
[EventDate "2015.08.06"]

1. e4 g6 2. d4 Bg7 3. Nf3 c6 4. Bd3 d6 5. Bd2 c5 6. Bc3 cxd4 7. Nxd4 Nf6 8. Nd2
O-O 9. Qe2 Nbd7 10. N2f3 Nc5 11. a4 Bd7 12. a5 Na4 13. O-O Nxc3 14. bxc3 e5 15.
Nb5 d5 16. Rfb1 dxe4 17. Bxe4 Nxe4 18. Qxe4 Bc6 19. Qe3 a6 20. Rd1 Qe7 21. Nbd4
Bd7 22. Re1 Rfe8 23. Qe4 Qd6 24. Nb3 Qc7 25. Qd5 Rac8 26. Re3 Be6 27. Qd3 f5
28. Ng5 Bc4 29. Qd1 e4 30. Ra4 h6 31. Nh3 Bb5 32. Rb4 Bxc3 33. Rxb5 axb5 34.
Qd5+ Qf7 35. Qxb5 Re5 36. Qa4 f4 37. Re2 g5 38. a6 Qd5 39. Rd2 Bxd2 40. axb7
Rd8 41. Qa6 Re6 42. Qa2 Bc3 0-1

[Event "II Festival Poetto A"]
[Site "Cagliari ITA"]
[Date "2015.08.08"]
[Round "4"]
[White "Sonis, Francesco"]
[Black "Bonali, Leonardo"]
[WhiteElo "2285"]
[BlackElo "1654"]
[Result "1-0"]
[PlyCount "59"]
[EventDate "2015.08.06"]

1. d4 Nf6 2. g3 c5 3. d5 e5 4. Bg2 d6 5. e4 Be7 6. c4 O-O 7. Nc3 Ne8 8. Nge2 f5
9. O-O fxe4 10. Nxe4 Bf5 11. N2c3 Nd7 12. g4 Bg6 13. g5 Kh8 14. h4 Bf7 15. Bh3
Nc7 16. Qg4 Be8 17. f4 Rg8 18. Qg3 Nb6 19. b3 Bd7 20. Bg2 Nc8 21. fxe5 dxe5 22.
Qxe5 Ne8 23. Rf7 Ned6 24. Rxe7 Nxe4 25. Rxd7 Qxd7 26. Nxe4 b6 27. Bb2 a6 28.
Nf6 gxf6 29. Qxf6+ Qg7 30. Qf2 1-0

[Event "II Festival Poetto A"]
[Site "Cagliari ITA"]
[Date "2015.08.08"]
[Round "5"]
[White "Bonafede, Alessandro"]
[Black "Delorme, Axel"]
[WhiteElo "2389"]
[BlackElo "2480"]
[Result "1/2-1/2"]
[PlyCount "60"]
[EventDate "2015.08.06"]

1. e4 e5 2. Nf3 Nc6 3. Nc3 Nf6 4. Bb5 Nd4 5. Nxd4 exd4 6. e5 dxc3 7. exf6 Qxf6
8. dxc3 Bc5 9. Qe2+ Qe6 10. O-O Qxe2 11. Bxe2 O-O 12. Re1 d5 13. Bd3 Be6 14.
Be3 Bxe3 15. Rxe3 Rfe8 16. Rae1 Bd7 17. Rxe8+ Rxe8 18. Rxe8+ Bxe8 19. c4 dxc4
20. Bxc4 Kf8 21. f4 Ke7 22. Kf2 h6 23. Ke3 Kd6 24. c3 f6 25. b4 b6 26. g3 g5
27. a3 Bg6 28. Bg8 Bc2 29. Bc4 Bg6 30. Bg8 Bc2 1/2-1/2

[Event "II Festival Poetto A"]
[Site "Cagliari ITA"]
[Date "2015.08.08"]
[Round "5"]
[White "Dvirnyy, Danyyil"]
[Black "Calcagnile, Lucio"]
[WhiteElo "2545"]
[BlackElo "2003"]
[Result "1-0"]
[PlyCount "97"]
[EventDate "2015.08.06"]

1. c4 c5 2. Nf3 Nf6 3. Nc3 e6 4. g3 b6 5. Bg2 Bb7 6. O-O Be7 7. Re1 O-O 8. e4
d6 9. d4 cxd4 10. Nxd4 Qc8 11. Be3 Nbd7 12. Rc1 a6 13. f4 Ra7 14. Bf2 Ba8 15.
f5 e5 16. Nb3 Rc7 17. Nd2 b5 18. cxb5 axb5 19. Nxb5 Rxc1 20. Qxc1 d5 21. exd5
Bxd5 22. Qxc8 Rxc8 23. Nc3 Bxg2 24. Kxg2 Bb4 25. Rc1 Ng4 26. Nde4 Nxf2 27. Nxf2
Nb6 28. Ne2 Rd8 29. Rd1 Rc8 30. Nd3 Rd8 31. Nf2 Rc8 32. Rc1 Rd8 33. Rc2 Nd5 34.
Kf3 Nf6 35. Nc1 g6 36. Re2 Bd2 37. Nb3 e4+ 38. Nxe4 Nxe4 39. Kxe4 gxf5+ 40.
Kxf5 Bb4 41. Ke4 Ra8 42. a3 Bf8 43. Nd4 Re8+ 44. Kd3 Rd8 45. Kc4 Bh6 46. b4 Ra8
47. Kb3 Bc1 48. a4 Rd8 49. Nc6 1-0

[Event "II Festival Poetto A"]
[Site "Cagliari ITA"]
[Date "2015.08.08"]
[Round "5"]
[White "Masala, Diego"]
[Black "Sonis, Francesco"]
[WhiteElo "1831"]
[BlackElo "2285"]
[Result "0-1"]
[PlyCount "50"]
[EventDate "2015.08.06"]

1. e4 e6 2. b3 d5 3. Bb2 Nf6 4. e5 Nfd7 5. Nf3 c5 6. d4 cxd4 7. Qxd4 Nc6 8. Qa4
a6 9. Qf4 Qa5+ 10. Nbd2 Ba3 11. Ng5 Ndxe5 12. Bxe5 Nxe5 13. Qxe5 f6 14. Qd4 Bb4
15. Ngf3 Bc3 16. Qg4 f5 17. Qf4 Bxa1 18. Bd3 O-O 19. O-O Bc3 20. Nb1 Bf6 21. g4
g5 22. Qg3 f4 23. Qh3 Qc7 24. c4 b5 25. c5 e5 0-1

[Event "II Festival Poetto A"]
[Site "Cagliari ITA"]
[Date "2015.08.09"]
[Round "6"]
[White "Delorme, Axel"]
[Black "Sonis, Francesco"]
[WhiteElo "2480"]
[BlackElo "2285"]
[Result "1-0"]
[PlyCount "57"]
[EventDate "2015.08.06"]

1. Nf3 Nf6 2. g3 g6 3. Bg2 Bg7 4. O-O O-O 5. d4 c5 6. c4 d6 7. dxc5 dxc5 8.
Qxd8 Rxd8 9. Ne5 Nbd7 10. Nd3 Ne8 11. Bf4 Nd6 12. Nd2 h6 13. Rad1 Nf5 14. Bc7
Rf8 15. e3 a5 16. Ne4 a4 17. b3 axb3 18. axb3 Ra3 19. Nexc5 Nxc5 20. Nxc5 Bc3
21. Rb1 Nd6 22. Rfc1 Bf5 23. e4 Bd4 24. exf5 Bxc5 25. b4 Ba7 26. fxg6 fxg6 27.
c5 Kh7 28. Re1 Nf5 29. g4 1-0

[Event "II Festival Poetto A"]
[Site "Cagliari ITA"]
[Date "2015.08.09"]
[Round "7"]
[White "Carta, Samuele"]
[Black "Delorme, Axel"]
[WhiteElo "1801"]
[BlackElo "2480"]
[Result "0-1"]
[PlyCount "72"]
[EventDate "2015.08.06"]

1. d4 Nf6 2. Nf3 g6 3. e3 Bg7 4. Be2 O-O 5. O-O d6 6. b3 Nbd7 7. Bb2 Re8 8. c4
e5 9. dxe5 Ng4 10. Nc3 dxe5 11. h3 Ngf6 12. e4 Nh5 13. Re1 Nf4 14. Bf1 c6 15.
Qc2 Qf6 16. Nd2 Nc5 17. Red1 Rd8 18. b4 Ncd3 19. Nb3 Nxb4 20. Rxd8+ Qxd8 21.
Qd1 Qg5 22. Kh2 Be6 23. Qf3 Rd8 24. Rd1 Rxd1 25. Qxd1 Bxc4 26. Bc1 Bxf1 27.
Qxf1 Qd8 28. Qc4 Nfd3 29. Be3 b5 30. Nxb5 cxb5 31. Qxb5 Nxa2 32. Bxa7 Nab4 33.
Bb6 Qb8 34. Kg1 Bf8 35. Kf1 Qb7 36. f3 Qc8 0-1

[Event "II Festival Poetto A"]
[Site "Cagliari ITA"]
[Date "2015.08.09"]
[Round "7"]
[White "Dvirnyy, Danyyil"]
[Black "Altea, Alessandro"]
[WhiteElo "2545"]
[BlackElo "2018"]
[Result "1-0"]
[PlyCount "59"]
[EventDate "2015.08.06"]

1. c4 Nf6 2. g3 e6 3. Bg2 d5 4. Nf3 Be7 5. O-O O-O 6. b3 b6 7. Bb2 Bb7 8. e3
dxc4 9. bxc4 c5 10. Nc3 Nc6 11. Qe2 Rc8 12. Ne1 Qc7 13. f4 Rfd8 14. Rd1 Rd7 15.
g4 Nb4 16. a3 Bxg2 17. Kxg2 Qb7+ 18. Kg1 Nc6 19. f5 exf5 20. gxf5 Re8 21. Qg2
Bf8 22. Nd5 Nxd5 23. cxd5 Na5 24. Bxg7 Qxd5 25. Rf3 f6 26. Bxf6+ Kf7 27. Qg5
Re4 28. d3 Ke8 29. dxe4 Qxd1 30. Rf1 1-0

[Event "XXXV Festival Conca della Presolana A"]
[Site "Castione della Presolana ITA"]
[Date "2015.08.23"]
[Round "1"]
[White "Boccalatte, Piero"]
[Black "Asperti, Giovanni"]
[WhiteElo "1913"]
[BlackElo "1759"]
[Result "1/2-1/2"]
[PlyCount "59"]
[EventDate "2015.08.23"]

1. d4 Nf6 2. c4 g6 3. Nc3 d5 4. cxd5 Nxd5 5. Bd2 Bg7 6. e4 Nxc3 7. Bxc3 O-O 8.
Bc4 Nd7 9. Ne2 c5 10. dxc5 Nxc5 11. Bxg7 Kxg7 12. Qc2 Be6 13. O-O Bxc4 14. Qxc4
Qd3 15. Qxc5 Qxe2 16. Qe5+ Kg8 17. Rfe1 Qc2 18. Rac1 Qd2 19. Rcd1 Qb4 20. a3
Qb6 21. Rd7 Rac8 22. Rd2 Rfd8 23. Rxd8+ Qxd8 24. g3 Qd2 25. Re3 Rc2 26. Rf3
Rc1+ 27. Kg2 Qd1 28. Qb8+ Kg7 29. Qe5+ Kg8 30. Qb8+ 1/2-1/2

[Event "XXXV Festival Conca della Presolana A"]
[Site "Castione della Presolana ITA"]
[Date "2015.08.23"]
[Round "1"]
[White "Bossi, Alessandro"]
[Black "Bracci, Andrea"]
[WhiteElo "2043"]
[BlackElo "1878"]
[Result "0-1"]
[PlyCount "92"]
[EventDate "2015.08.23"]

1. Nf3 d5 2. c4 c6 3. b3 Bg4 4. Bb2 e6 5. e3 Nf6 6. Be2 Nbd7 7. O-O Bd6 8. d4
O-O 9. Ne5 Bxe2 10. Qxe2 a5 11. Nc3 Nxe5 12. dxe5 Bxe5 13. f4 Bxc3 14. Bxc3 Ne4
15. Bb2 a4 16. bxa4 Rxa4 17. cxd5 exd5 18. Rf3 Qa5 19. Bxg7 Kxg7 20. Rh3 Kf6
21. Qh5 Qc3 22. Rd1 Rxa2 23. Qh4+ Ke6 24. f5+ Kd7 25. Qxe4 Rd2 26. Qb1 Rxd1+
27. Qxd1 Re8 28. Kf2 b5 29. Qe2 Rh8 30. Qa2 Qc5 31. Rh4 Kc7 32. Qd2 Kb7 33. Kf3
Qe7 34. g3 Qe5 35. Rf4 Re8 36. g4 Kb6 37. g5 c5 38. h4 b4 39. f6 Kb5 40. Qe2+
c4 41. Qd2 Ra8 42. Rd4 Kc5 43. Qb2 Qf5+ 44. Kg3 Ra3 45. Qd2 Qe5+ 46. Kf3 Qe6
0-1

[Event "XXXV Festival Conca della Presolana A"]
[Site "Castione della Presolana ITA"]
[Date "2015.08.23"]
[Round "1"]
[White "Caputi, Giuliano"]
[Black "Annicchiarico, Luigi"]
[WhiteElo "1884"]
[BlackElo "1725"]
[Result "1/2-1/2"]
[PlyCount "69"]
[EventDate "2015.08.23"]

1. e4 e6 2. Nf3 d5 3. exd5 exd5 4. d4 Nf6 5. Bd3 Bd6 6. O-O O-O 7. Re1 Re8 8.
Ne5 c5 9. c3 h6 10. h3 Nc6 11. Nxc6 bxc6 12. Be3 cxd4 13. cxd4 Qb6 14. Qc1 Bb7
15. Nc3 Bb4 16. a3 Bxc3 17. Qxc3 Ne4 18. Bxe4 Rxe4 19. b4 Ree8 20. Bf4 Ba6 21.
Re3 Rxe3 22. Qxe3 Qd8 23. Re1 Qd7 24. Qg3 Kh7 25. Bb8 Qd8 26. Bd6 Qg5 27. Qxg5
hxg5 28. Re7 Kg6 29. Bc5 Bb5 30. Rxa7 Rxa7 31. Bxa7 Kf5 32. Bb8 Ke4 33. Ba7 Kf5
34. f3 Ke6 35. Kf2 1/2-1/2

[Event "XXXV Festival Conca della Presolana A"]
[Site "Castione della Presolana ITA"]
[Date "2015.08.23"]
[Round "1"]
[White "Cerutti, Fabio Maria"]
[Black "Rorato, Renzo"]
[WhiteElo "1805"]
[BlackElo "1963"]
[Result "0-1"]
[PlyCount "52"]
[EventDate "2015.08.23"]

1. e4 c5 2. Nc3 Nc6 3. g3 g6 4. Bg2 Bg7 5. d3 d6 6. Be3 Bd7 7. Qd2 Rb8 8. Nge2
b5 9. O-O b4 10. Nd1 Nd4 11. Nc1 Nf6 12. c3 Ne6 13. h3 O-O 14. Ne2 a5 15. d4
bxc3 16. bxc3 Bb5 17. f4 Nd7 18. e5 dxe5 19. fxe5 Nxe5 20. Nb2 cxd4 21. cxd4
Bxe2 22. Qxe2 Nxd4 23. Qf2 Rxb2 24. Qxb2 Nc4 25. Qf2 Nxe3 26. Qxe3 Nc2 0-1

[Event "XXXV Festival Conca della Presolana A"]
[Site "Castione della Presolana ITA"]
[Date "2015.08.23"]
[Round "1"]
[White "De Marco, Walter"]
[Black "Mortola, Alberto"]
[WhiteElo "1875"]
[BlackElo "1994"]
[Result "1/2-1/2"]
[PlyCount "45"]
[EventDate "2015.08.23"]

1. b3 Nf6 2. Bb2 e6 3. e3 b6 4. Nf3 Bb7 5. Be2 Be7 6. O-O c5 7. d4 Nc6 8. dxc5
Bxc5 9. c4 O-O 10. Nc3 Ne7 11. Na4 Ne4 12. Nxc5 Nxc5 13. Rc1 Rc8 14. b4 Ne4 15.
Nd2 Nf5 16. Nxe4 Bxe4 17. f3 Bc6 18. e4 Ne7 19. Qd6 Ng6 20. b5 Bb7 21. Rfd1 Qg5
22. Qg3 Qxg3 23. hxg3 1/2-1/2

[Event "XXXV Festival Conca della Presolana A"]
[Site "Castione della Presolana ITA"]
[Date "2015.08.23"]
[Round "1"]
[White "Dormio, Luca"]
[Black "Lavorgna, Giovanni"]
[WhiteElo "1770"]
[BlackElo "1914"]
[Result "0-1"]
[PlyCount "22"]
[EventDate "2015.08.23"]

1. Nf3 Nf6 2. d4 d5 3. c4 e6 4. g3 Be7 5. Bg2 O-O 6. O-O dxc4 7. Ne5 Nc6 8.
Nxc6 bxc6 9. Bxc6 Rb8 10. e3 Qd6 11. Qa4 Rb4 0-1

[Event "XXXV Festival Conca della Presolana A"]
[Site "Castione della Presolana ITA"]
[Date "2015.08.23"]
[Round "1"]
[White "Dubois, Martine"]
[Black "Gennaro, Isabella"]
[WhiteElo "1982"]
[BlackElo "1875"]
[Result "0-1"]
[PlyCount "72"]
[EventDate "2015.08.23"]

1. e4 c5 2. c3 Nc6 3. d4 cxd4 4. cxd4 d5 5. Nc3 Nf6 6. exd5 Nxd5 7. Nf3 Bf5 8.
Bc4 e6 9. O-O Be7 10. Re1 O-O 11. Ne5 Nxc3 12. bxc3 Rc8 13. Qe2 Nxe5 14. dxe5
Qc7 15. Bb3 Qxc3 16. Bb2 Qd3 17. Qh5 Qd2 18. Qe2 Qxe2 19. Rxe2 Rfd8 20. h3 Bb4
21. Rc1 h6 22. Rxc8 Rxc8 23. g4 Bd3 24. Re3 Rd8 25. Kg2 Bd2 26. Kf3 Bxe3 27.
Kxe3 Bf1 28. h4 Rd3+ 29. Kf4 Rd2 30. Bc3 Rxf2+ 31. Kg3 Re2 32. Kf3 b5 33. Bd4
a6 34. a4 Rd2 35. Be3 Bg2+ 36. Kf4 Rd3 0-1